[Event "Gorodets Small Kitezh op"]
[Site "Gorodets"]
[Date "2015.08.02"]
[Round "8"]
[White "Chubarov, Yuri"]
[Black "Savoskin, Vladimir"]
[Result "1-0"]
[WhiteElo "1997"]
[BlackElo "1845"]
[PlyCount "111"]
[EventDate "2015.07.29"]
[EventType "swiss"]
[EventRounds "9"]
[EventCountry "RUS"]
[SourceTitle "CBM 167 Extra"]
[Source "ChessBase"]
[SourceDate "2015.09.14"]
[SourceVersion "1"]
[SourceVersionDate "2015.09.14"]
[SourceQuality "1"]

1. e4 e5 2. Nf3 Nc6 3. Bb5 a6 4. Bxc6 dxc6 5. 0-0 Bg4 6. h3 Bxf3 7. Qxf3 Nf6 8. d3 Qd6 9. Be3 0-0-0 10. Nd2 Kb8 11. Rfb1 Be7 12. b4 Rhg8 13. a4 g5 14. b5 axb5 15. axb5 c5 16. Nc4 Qe6 17. b6 Bd6 18. bxc7+ Bxc7 19. Bxc5 g4 20. hxg4 Rxg4 21. Nb6 Bd6 22. Bxd6+ Qxd6 23. Ra8+ Kc7 24. Rxd8 Kxd8 25. Nd5 Rg6 26. Rb6 Qa3 27. Rxf6 Qc1+ 28. Kh2 Qh6+ 29. Qh3 Rxf6 30. Nxf6 Qxf6 31. Qf5 Qh6+ 32. Kg3 f6 33. f4 Qg7+ 34. Kf3 Kc7 35. g4 h6 36. fxe5 fxe5 37. Kg3 Qe7 38. Qg6 Qf8 39. Qf5 Qe7 40. g5 hxg5 41. Kg4 Qc5 42. Kxg5 Qe3+ 43. Kf6 Qh6+ 44. Qg6 Qh4+ 45. Ke6 Qh3+ 46. Qf5 Qh6+ 47. Qf6 Qh3+ 48. Kxe5 Qh2+ 49. Kd5 Qxc2 50. Qd6+ Kc8 51. Qc5+ Qxc5+ 52. Kxc5 Kc7 53. d4 b6+ 54. Kd5 Kd7 55. e5 Kc7 56. e6 1-0

[Event "Gorodets Small Kitezh op"]
[Site "Gorodets"]
[Date "2015.08.02"]
[Round "9"]
[White "Samuilov, Evgeny"]
[Black "Chubarov, Yuri"]
[Result "0-1"]
[WhiteElo "1863"]
[BlackElo "1997"]
[PlyCount "76"]
[EventDate "2015.07.29"]
[EventType "swiss"]
[EventRounds "9"]
[EventCountry "RUS"]
[SourceTitle "CBM 167 Extra"]
[Source "ChessBase"]
[SourceDate "2015.09.14"]
[SourceVersion "1"]
[SourceVersionDate "2015.09.14"]
[SourceQuality "1"]

1. e4 c5 2. Nf3 d6 3. d4 cxd4 4. Nxd4 Nf6 5. Nc3 a6 6. Bc4 e6 7. Be3 Nxe4 8. Nxe4 d5 9. Bd3 dxe4 10. Bxe4 Qc7 11. 0-0 Be7 12. f4 Bd7 13. Qf3 Nc6 14. Rad1 Bf6 15. c3 g6 16. Nxc6 Bxc6 17. Bxc6+ Qxc6 18. Qxc6+ bxc6 19. Rd6 Rc8 20. Rfd1 0-0 21. Bd4 Kg7 22. Bxf6+ Kxf6 23. R1d4 h5 24. Rc4 a5 25. Rdxc6 Rxc6 26. Rxc6 Rd8 27. Ra6 Rd2 28. b4 axb4 29. cxb4 Rb2 30. a3 Kf5 31. g3 Kg4 32. Rc6 Rb3 33. Rc2 h4 34. Ra2 hxg3 35. hxg3 Kxg3 36. Ra1 Kxf4 37. a4 Rxb4 38. a5 Rb7 0-1

[Event "Gorodets op"]
[Site "Gorodets"]
[Date "2014.08.09"]
[Round "6"]
[White "Samuilov, Evgeny"]
[Black "Chubarov, Yuri"]
[Result "0-1"]
[WhiteElo "1897"]
[BlackElo "2064"]
[PlyCount "124"]
[EventDate "2014.08.06"]
[EventType "swiss"]
[EventRounds "9"]
[EventCountry "RUS"]
[SourceTitle "EXT 2016"]
[Source "ChessBase"]
[SourceDate "2015.10.08"]
[SourceVersion "1"]
[SourceVersionDate "2015.10.08"]
[SourceQuality "1"]

1. d4 Nf6 2. c4 g6 3. Nc3 d5 4. Nf3 Bg7 5. Qb3 dxc4 6. Qxc4 c6 7. e4 0-0 8. Be3 b5 9. Qb3 Qa5 10. Bd3 b4 11. Ne2 Ba6 12. 0-0 Bxd3 13. Qxd3 Qb5 14. Qxb5 cxb5 15. e5 Nd5 16. Rac1 e6 17. Rc5 a6 18. Rfc1 Nd7 19. Rc6 N7b6 20. Nf4 Nxf4 21. Bxf4 Nd5 22. Be3 Rfb8 23. Nd2 Bf8 24. Ne4 Be7 25. Kf1 Kf8 26. g4 Ke8 27. g5 Kd7 28. Nf6+ Kd8 29. Nxh7 Rc8 30. Nf6 Rxc6 31. Rxc6 Bxf6 32. gxf6 Kd7 33. Rd6+ Kc7 34. Bg5 a5 35. Ke2 a4 36. Bd2 b3 37. axb3 Nxf6 38. Rxe6 fxe6 39. exf6 Rf8 40. Bf4+ Kd7 41. Be5 axb3 42. Kd3 Rc8 43. Ke3 Ke8 44. Kd3 Rc4 45. f3 Kf7 46. Ke3 Rc2 47. Kd3 Rf2 48. Kc3 Rxf3+ 49. Kb4 g5 50. Ka3 g4 51. Kb4 Ke8 52. Kxb5 Rf2 53. Kb4 Rxb2 54. Ka3 Rb1 55. Kb4 Kf7 56. Kc3 Kg6 57. Kd2 Rf1 58. Kc3 Rf3+ 59. Kb2 Kf5 60. Ka3 Ke4 61. Kb2 Kd5 62. f7 Kc4 0-1

[Event "Gorodets op"]
[Site "Gorodets"]
[Date "2014.08.08"]
[Round "5"]
[White "Chubarov, Yuri"]
[Black "Dmitrievsky, Alexander"]
[Result "1-0"]
[WhiteElo "2064"]
[BlackElo "1900"]
[PlyCount "73"]
[EventDate "2014.08.06"]
[EventType "swiss"]
[EventRounds "9"]
[EventCountry "RUS"]
[SourceTitle "EXT 2016"]
[Source "ChessBase"]
[SourceDate "2015.10.08"]
[SourceVersion "1"]
[SourceVersionDate "2015.10.08"]
[SourceQuality "1"]

1. e4 e5 2. Nf3 Nc6 3. Bb5 a6 4. Bxc6 dxc6 5. 0-0 Bg4 6. h3 h5 7. d3 Bxf3 8. Qxf3 f6 9. Qg3 Qd7 10. Qg6+ Kd8 11. Be3 Ne7 12. Qf7 Qe8 13. Qxe8+ Kxe8 14. f4 Ng6 15. fxe5 Nxe5 16. Nd2 c5 17. b3 b6 18. Nf3 Bd6 19. Nxe5 Bxe5 20. Rae1 Rd8 21. Bf4 Bd4+ 22. Kh2 Rd7 23. e5 Bc3 24. Re4 fxe5 25. Bxe5 Bxe5+ 26. Rxe5+ Re7 27. Rxe7+ Kxe7 28. Kg3 h4+ 29. Kg4 a5 30. Kg5 b5 31. Rf4 Rh6 32. Rxh4 Ra6 33. Re4+ Kf7 34. g4 b4 35. Rc4 a4 36. Rxc5 c6 37. h4 1-0

[Event "Nizhnij Novgorod op"]
[Site "Nizhnij Novgorod"]
[Date "2010.??.??"]
[Round "?"]
[White "Bodyagin, Anton"]
[Black "Chubarov, Yuri"]
[Result "1/2-1/2"]
[WhiteElo "1826"]
[BlackElo "2096"]
[PlyCount "48"]
[EventDate "2010.10.02"]
[EventType "swiss"]
[EventRounds "9"]
[EventCountry "RUS"]
[SourceTitle "EXT 2011"]
[Source "ChessBase"]
[SourceDate "2010.11.26"]
[SourceVersion "1"]
[SourceVersionDate "2010.11.26"]
[SourceQuality "1"]

1. d4 Nf6 2. Nf3 g6 3. c4 Bg7 4. Nc3 d5 5. Qa4+ c6 6. cxd5 Nxd5 7. e4 Nb6 8. Qd1 Bg4 9. Be3 0-0 10. Be2 N8d7 11. 0-0 Bxf3 12. Bxf3 Nc4 13. Bc1 e5 14. dxe5 Ndxe5 15. Be2 b5 16. b3 Nb6 17. Ba3 Re8 18. Qc2 a5 19. Bb2 b4 20. Nd1 Qe7 21. Ne3 Ned7 22. Bxg7 Kxg7 23. Bf3 Ne5 24. Be2 Ned7 1/2-1/2

[Event "Nizhnij Novgorod op"]
[Site "Nizhnij Novgorod"]
[Date "2010.??.??"]
[Round "?"]
[White "Chubarov, Yuri"]
[Black "Obrezchikov, Mikhail"]
[Result "0-1"]
[WhiteElo "2096"]
[BlackElo "1996"]
[PlyCount "120"]
[EventDate "2010.10.02"]
[EventType "swiss"]
[EventRounds "9"]
[EventCountry "RUS"]
[SourceTitle "EXT 2011"]
[Source "ChessBase"]
[SourceDate "2010.11.26"]
[SourceVersion "1"]
[SourceVersionDate "2010.11.26"]
[SourceQuality "1"]

1. e4 c5 2. Nc3 Nc6 3. f4 d6 4. Bc4 Nf6 5. d3 a6 6. a4 Bg4 7. Nge2 e6 8. h3 Bxe2 9. Qxe2 Nd4 10. Qf2 d5 11. Ba2 Be7 12. 0-0 0-0 13. exd5 exd5 14. Be3 Rc8 15. Bxd4 cxd4 16. Nd1 Nh5 17. Bb3 Bh4 18. Qxd4 Ng3 19. Qb4 Nxf1 20. Kxf1 Re8 21. Nf2 Qe7 22. Qxe7 Rxe7 23. Re1 Rxe1+ 24. Kxe1 Bxf2+ 25. Kxf2 d4 26. Ke2 b6 27. Kd2 Rc6 28. Bc4 a5 29. c3 Rf6 30. cxd4 Rxf4 31. Ke3 Rh4 32. d5 Kf8 33. d6 f5 34. d4 Ke8 35. Bb5+ Kd8 36. Bd3 f4+ 37. Ke4 Kd7 38. Ke5 Rh5+ 39. Bf5+ Kd8 40. Kxf4 g6 41. Be6 g5+ 42. Ke4 Rh4+ 43. Kd5 Rf4 44. b3 h6 45. Kc6 Rxd4 46. Bc4 Rd2 47. g3 Rh2 48. Be6 Re2 49. Bc4 Re3 50. g4 Rxh3 51. Kxb6 Kd7 52. Kxa5 Kxd6 53. Kb6 h5 54. gxh5 Rxh5 55. a5 g4 56. Ba6 g3 57. Bb7 Rd5 58. Bxd5 Kxd5 59. a6 g2 60. a7 g1Q+ 0-1

[Event "Nizhnij Novgorod Region-ch op"]
[Site "Nizhnij Novgorod"]
[Date "2008.10.??"]
[Round "1"]
[White "Chubarov, Yuri"]
[Black "Belov, Igor"]
[Result "1/2-1/2"]
[WhiteElo "2093"]
[BlackElo "2456"]
[PlyCount "104"]
[EventDate "2008.10.04"]
[EventType "swiss"]
[EventRounds "9"]
[EventCountry "RUS"]
[SourceTitle "EXT 2022"]
[Source "ChessBase"]
[SourceDate "2021.10.06"]
[SourceVersion "1"]
[SourceVersionDate "2021.10.06"]
[SourceQuality "1"]

1. e4 g6 2. Nc3 Bg7 3. g3 d6 4. Bg2 c5 5. d3 Nc6 6. Nge2 Rb8 7. 0-0 Bd7 8. Be3 b5 9. Qd2 b4 10. Nd1 Nf6 11. f3 0-0 12. Bh6 Qb6 13. Bxg7 Kxg7 14. Kh1 a5 15. Ne3 Ne5 16. f4 Neg4 17. Nxg4 Nxg4 18. h3 Nf6 19. g4 e5 20. Ng3 h5 21. fxe5 dxe5 22. gxh5 Rh8 23. h6+ Rxh6 24. Qg5 Bxh3 25. Qxe5 Rbh8 26. Rf4 Bxg2+ 27. Kxg2 Rh2+ 28. Kg1 c4+ 29. d4 R8h5 30. Nxh5+ Rxh5 31. Qxf6+ Qxf6 32. Rxf6 Kxf6 33. a3 Rh4 34. e5+ Ke6 35. axb4 axb4 36. Ra6+ Kd5 37. Rd6+ Ke4 38. Kg2 b3 39. cxb3 cxb3 40. Kg3 Rh5 41. e6 fxe6 42. Rxe6+ Kxd4 43. Rb6 Kc4 44. Rxg6 Kd3 45. Rc6 Rb5 46. Rc3+ Kd2 47. Kf4 Rb8 48. Ke4 Rd8 49. Rxb3 Kc2 50. Rb7 Rd1 51. Ke5 Rb1 52. b4 Kc3 1/2-1/2

[Event "Nizhnij Novgorod Region-ch op"]
[Site "Nizhnij Novgorod"]
[Date "2008.10.??"]
[Round "6"]
[White "Chubarov, Yuri"]
[Black "Grushin, Stanislav"]
[Result "1-0"]
[WhiteElo "2093"]
[BlackElo "1963"]
[PlyCount "85"]
[EventDate "2008.10.04"]
[EventType "swiss"]
[EventRounds "9"]
[EventCountry "RUS"]
[SourceTitle "EXT 2022"]
[Source "ChessBase"]
[SourceDate "2021.10.06"]
[SourceVersion "1"]
[SourceVersionDate "2021.10.06"]
[SourceQuality "1"]

1. e4 c5 2. Nc3 Nc6 3. g3 g6 4. Bg2 Bg7 5. d3 e6 6. Be3 d6 7. Qd2 Rb8 8. Nge2 Nd4 9. 0-0 Ne7 10. Nd1 Nxe2+ 11. Qxe2 0-0 12. Qd2 Nc6 13. Bh6 b5 14. Bxg7 Kxg7 15. f4 Qc7 16. Ne3 b4 17. f5 Ne5 18. fxg6 fxg6 19. Rxf8 Kxf8 20. Rf1+ Kg7 21. Bh3 Qe7 22. d4 cxd4 23. Qxd4 Kg8 24. Ng4 Nxg4 25. Bxg4 Rb6 26. e5 d5 27. h4 Rc6 28. Be2 Rxc2 29. Bd3 Qc5 30. Qxc5 Rxc5 31. Rf2 Rc1+ 32. Rf1 Rxf1+ 33. Kxf1 Bd7 34. Ke2 Kf8 35. Ke3 Ke7 36. Kd4 Kd8 37. Kc5 Kc7 38. Kxb4 Kb6 39. Kc3 a5 40. h5 Be8 41. Kd4 gxh5 42. Bxh7 Kb5 43. Bg8 1-0

[Event "Nizhnij Novgorod Region-ch"]
[Site "Nizhnij Novgorod"]
[Date "2007.10.??"]
[Round "?"]
[White "Kudriashov, Alexander"]
[Black "Chubarov, Yuri"]
[Result "1/2-1/2"]
[WhiteElo "2190"]
[BlackElo "2077"]
[PlyCount "43"]
[EventDate "2007.10.??"]
[EventType "swiss"]
[EventRounds "9"]
[EventCountry "RUS"]
[SourceTitle "EXT 2009"]
[Source "ChessBase"]
[SourceDate "2008.11.26"]
[SourceVersion "1"]
[SourceVersionDate "2008.11.26"]
[SourceQuality "1"]

1. e4 c5 2. Nc3 Nc6 3. g3 g6 4. Bg2 Bg7 5. d3 d6 6. Nge2 Nf6 7. 0-0 0-0 8. h3 e5 9. Bg5 h6 10. Be3 Nd4 11. Rb1 Bd7 12. f4 b5 13. fxe5 dxe5 14. Nd5 Nh5 15. Kh2 Be6 16. c3 Nxe2 17. Qxe2 Bxd5 18. exd5 Qd6 19. Qf2 Rac8 20. b4 cxb4 21. cxb4 Qd7 22. Bc5 1/2-1/2

[Event "Nizhnij Novgorod Region-ch"]
[Site "Nizhnij Novgorod"]
[Date "2007.10.??"]
[Round "?"]
[White "Sedova, Evgenia"]
[Black "Chubarov, Yuri"]
[Result "0-1"]
[WhiteElo "1880"]
[BlackElo "2077"]
[PlyCount "120"]
[EventDate "2007.10.??"]
[EventType "swiss"]
[EventRounds "9"]
[EventCountry "RUS"]
[SourceTitle "EXT 2009"]
[Source "ChessBase"]
[SourceDate "2008.11.26"]
[SourceVersion "1"]
[SourceVersionDate "2008.11.26"]
[SourceQuality "1"]

1. e4 c5 2. Nf3 d6 3. d4 cxd4 4. Nxd4 Nf6 5. Nc3 a6 6. Bc4 e6 7. Be3 Be7 8. Qe2 Bd7 9. f4 Qc7 10. 0-0 b5 11. Bd3 Nc6 12. a3 0-0 13. f5 Nxd4 14. Bxd4 e5 15. Be3 Bc6 16. g4 d5 17. g5 dxe4 18. Bxb5 Nd5 19. Nxd5 Bxd5 20. Bxa6 Rxa6 21. Qxa6 Bc5 22. Qe2 Bc4 23. Qf2 Bxe3 24. Qxe3 Bxf1 25. Rxf1 Qxc2 26. Rf2 Qb1+ 27. Kg2 Rd8 28. Qc3 Qd1 29. Qxe5 Qd3 30. a4 e3 31. Rf3 Qd2+ 32. Kg3 e2 33. Re3 e1Q+ 34. Rxe1 Qxg5+ 35. Kf2 Qh4+ 36. Qg3 Qd4+ 37. Qe3 Qxb2+ 38. Re2 Qb8 39. Qg3 Qa7+ 40. Qe3 Qxa4 41. Qe7 Qd4+ 42. Kg3 h6 43. Re4 Qg1+ 44. Kf3 Rd3+ 45. Re3 Rxe3+ 46. Qxe3 Qxe3+ 47. Kxe3 Kf8 48. Kf4 Ke7 49. Ke5 h5 50. h4 Kf8 51. Kf4 f6 52. Ke4 Kf7 53. Kf4 Ke7 54. Ke4 Kf7 55. Kf4 Kg8 56. Ke4 Kh7 57. Kf3 g5 58. hxg5 fxg5 59. Ke4 Kg7 60. Ke5 h4 0-1